Statistics for My singing monsters: all cold island monsters

Click here to take the quiz!

General Stats

  • This quiz has been taken 12 times
  • The average score is 26 of 30

Answer Stats

elementmonster% Correct
coldmammott
100%
water + coldmaw
100%
plant + wateroaktopus
100%
plantpotbelly
100%
watertoe jammer
100%
airtweedle
100%
air + plantdandidoo
90%
air + plant + water + colddeedge
90%
dipsterdo
90%
dipsterfa
90%
plant + coldfurcorn
90%
shadowgrumpyre
90%
dipsterla
90%
legendary werdomaggpi
90%
dipstermi
90%
air + coldpango
90%
air + waterquibble
90%
dipsterre
90%
dipsterso
90%
mythicalstrombonin
90%
legendary werdotawkerr
90%
air + plant + waterthumpies
90%
dipsterti
90%
supernaturalwubbox
90%
plant + water + coldbowgart
80%
air + water + coldcongle
80%
air + plant + coldspunge
80%
festival of yayyool
80%
supernaturalrare wubbox
70%
supernaturalepic cold wubbox
30%

Score Distribution

Percentile by Number Answered

Percent of People with Each Score

Your Score History

You have not taken this quiz